Reports of the fifth central pay commission (Record no. 12216)

MARC details
000 -LEADER
fixed length control field 00557nam a2200157Ia 4500
003 - CONTROL NUMBER IDENTIFIER
control field IN-BaIIA
008 - FIXED-LENGTH DATA ELEMENTS--GENERAL INFORMATION
fixed length control field 211028s9999 xx 000 0 eng d
040 ## - CATALOGING SOURCE
Transcribing agency IIA Library
080 ## - UNIVERSAL DECIMAL CLASSIFICATION NUMBER
Universal Decimal Classification number 047:331.2
Item number AIRF-1
110 ## - MAIN ENTRY--CORPORATE NAME
Corporate name or jurisdiction name as entry element All India Railwaymen's Federation
9 (RLIN) 21343
245 #0 - TITLE STATEMENT
Title Reports of the fifth central pay commission
Remainder of title vol. 1
Statement of responsibility, etc. All India Railwaymen's Federation
260 ## - PUBLICATION, DISTRIBUTION, ETC.
Place of publication, distribution, etc. New Delhi
Name of publisher, distributor, etc. All India Railwaymen's Federation
Date of publication, distribution, etc. 1997
300 ## - PHYSICAL DESCRIPTION
Extent iv, 710p.
650 ## - SUBJECT ADDED ENTRY--TOPICAL TERM
Topical term or geographic name entry element Pay commission-report, fifth pay commission
9 (RLIN) 21344
942 ## - ADDED ENTRY ELEMENTS (KOHA)
Koha item type Books
Holdings
Withdrawn status Lost status Damaged status Not for loan Home library Current library Shelving location Date acquired Cost, normal purchase price Total Checkouts Full call number Barcode Date last seen Cost, replacement price Price effective from Koha item type Purchase Price
        IIA Library-Bangalore IIA Library-Bangalore General Stacks 01/09/1997 900.00   047:331.2/ AIRF-1 13132 05/11/2021 900.00 01/09/1997 Books Rs. 900/ 3 vols set

Powered by Koha